000
00256nam a2200109Ia 4500
999
_c
6236
_d
6236
020
_a
978-0070366985
100
_a
Averill M. Law
245
0
_a
Simulation Modeling And Analysis
260
_a
New York
_b
McGraw Hill Inc.
_c
1991
300
_a
759
942
_c
BK